Top 30 Films Louis de Funès Box-office - Statistiques

Statistiques générales
  • Ce quiz a été pris 96 fois
  • Le résultat moyen est 15 sur 30
Statistiques - réponses
Année Nombre d'entrées Film % Correct
1966 17 267 607 La Grande Vadrouille
95%
1965 11 739 783 Le Corniaud
90%
1976 5 841 956 L'Aile ou la Cuisse
86%
1964 7 809 334 Le Gendarme de Saint-Tropez
86%
1973 7 295 727 Les Aventures de Rabbi Jacob
84%
1964 4 492 419 Fantômas
82%
1971 5 562 576 La Folie des Grandeurs
82%
1968 6 986 917 Le Gendarme se marie
78%
1967 6 122 041 Oscar
75%
1969 3 366 973 Hibernatus
71%
1965 5 495 045 Le Gendarme à New York
71%
1979 6 280 070 Le Gendarme et les Extraterrestres
69%
1982 4 209 139 Le Gendarme et les Gendarmettes
68%
1968 5 542 796 Le Petit Baigneur
68%
1966 3 878 520 Le Grand Restaurant
66%
1967 6 986 917 Les Grandes Vacances
66%
1956 4 893 174 La Traversée de Paris
60%
1965 4 212 446 Fantômas se déchaîne
57%
1970 4 870 609 Le Gendarme en balade
52%
1968 3 211 778 Le Tatoué
52%
1967 3 557 971 Fantômas contre Scotland Yard
45%
1961 4 151 247 La Belle Américaine
6%
1954 5 374 131 Papa, maman, la bonne et moi
4%
1961 3 152 121 Le Capitaine Fracasse
3%
1955 3 791 342 Papa, maman, ma femme et moi
3%
1947 3 616 376 Antoine et Antoinette
1%
1954 4 136 843 Le Mouton à cinq pattes
0%
1953 3 307 827 Les Compagnes de la Nuit
0%
1954 3 829 398 Mam'zelle Nitouche
0%
1955 5 405 252 Napoleon
0%
Aucun quiz correspondant
Distribution des résultats
% des personnes avec chaque résultat
Percentile par nombre de réponses
Votre historique - résultats
Vous n’avez pas pris ce quiz